Estatísticas para São Paulo Futebol Clube

Clique aqui para jogar o quiz

Estatísticas Gerais

  • Esse quiz foi jogado 363 vezes
    (309 desde o último reset)
  • A pontuação média é 13 de 21

Estatísticas das Respostas

% Correto
CoresBranco
94%
CoresPreto
94%
CoresVermelho
94%
Estádio onde manda seus jogosCícero Pompeu de Toledo
92%
Atleta que mais vezes atuou pelo clubeRogério Ceni
92%
Campeão da Copa Libertadores da América em2005
90%
Campeão da Copa Libertadores da América em1992
87%
Campeão da Copa Libertadores da América em1993
87%
Nomes dos clássicos contra os rivaisSan-São (Santos)
82%
Cidade do Centro de TreinamentosCotia
75%
Atual presidenteJúlio Casares
74%
Nomes dos clássicos contra os rivaisMajestoso (Palmeiras)
74%
Nomes dos clássicos contra os rivaisChoque Rei (Corinthians)
73%
Maior artilheiroSerginho Chulapa
57%
Três treinadores que mais comandaram o SPFCMuricy Ramalho
54%
Data de fundação25 de janeiro de 1930
46%
Três treinadores que mais comandaram o SPFCJosé Poy
12%
Primeiro adversárioClube Atlético Ypiranga
10%
Adversários das maiores goleadas aplicadas (12x1)Jabaquara
9%
Adversários das maiores goleadas aplicadas (12x1)Sírio
8%
Três treinadores que mais comandaram o SPFCVicente Feola
6%

Distribuição das Pontuações

Percentil de Números Respondidos

Porcentagem de Pessoas com Cada Pontuação

Sua Pontuação Histórica

Você não jogou esse quiz desde o último reset